[Event "First Saturday GM Oct 2013"]
[Site "Budapest"]
[Date "2013.10.05"]
[Round "1.1"]
[White "Kojima, Shinya"]
[Black "Seres, Lajos"]
[Result "1/2-1/2"]
[WhiteElo "2344"]
[BlackElo "2449"]
[PlyCount "62"]
[EventDate "2013.10.05"]

1. Nf3 c5 2. c4 Nf6 3. Nc3 g6 4. g3 Bg7 5. Bg2 O-O 6. O-O Nc6 7. d4 d6 8. dxc5
dxc5 9. Be3 Be6 10. Qa4 Qb6 11. Qb5 Nd7 12. Rac1 Nd4 13. Qxb6 axb6 14. b3 Nxf3+
15. Bxf3 Bxc3 16. Rxc3 Rxa2 17. Bxb7 Rxe2 18. Ra1 Bf5 19. Bh6 Rb8 20. Bf3 Rb2
21. Kg2 Nf6 22. Re1 Re8 23. Bf4 Ng4 24. Bxg4 Bxg4 25. Bc7 Be6 26. Bxb6 Rb8 27.
Bxc5 R2xb3 28. Rxb3 Rxb3 29. Bxe7 Bxc4 30. Bf6 Bd5+ 31. Kf1 Rb8 1/2-1/2

[Event "First Saturday GM Oct 2013"]
[Site "Budapest"]
[Date "2013.10.05"]
[Round "1.2"]
[White "Sean, Winshand Cuhendi"]
[Black "Westerberg, Jonathan"]
[Result "1/2-1/2"]
[WhiteElo "2360"]
[BlackElo "2404"]
[PlyCount "84"]
[EventDate "2013.10.05"]

1. e4 c5 2. Nf3 Nc6 3. d4 cxd4 4. Nxd4 Nf6 5. Nc3 e6 6. Ndb5 Bb4 7. a3 Bxc3+ 8.
Nxc3 d5 9. exd5 exd5 10. Bd3 O-O 11. O-O d4 12. Ne2 Bg4 13. f3 Bh5 14. Nf4 Bg6
15. Nxg6 hxg6 16. Bg5 Qd6 17. f4 Ne7 18. Qf3 Ned5 19. f5 gxf5 20. Qxf5 Rfe8 21.
Rae1 Ne3 22. Bxe3 Rxe3 23. Rxe3 dxe3 24. Qb5 Qe7 25. Qb4 Qxb4 26. axb4 Re8 27.
Bc4 Re7 28. Rd1 g6 29. Be2 Ne4 30. c4 Nd2 31. Ra1 a6 32. Rc1 Re4 33. g3 f5 34.
b5 Nb3 35. Re1 Nd4 36. bxa6 Nxe2+ 37. Rxe2 bxa6 38. Kg2 Rxc4 39. Kf3 Kf7 40.
Kxe3 Re4+ 41. Kf3 Rxe2 42. Kxe2 Ke6 1/2-1/2

[Event "First Saturday GM Oct 2013"]
[Site "Budapest"]
[Date "2013.10.05"]
[Round "1.3"]
[White "Gordon, Stephen J"]
[Black "Fogarasi, Tibor"]
[Result "1/2-1/2"]
[WhiteElo "2526"]
[BlackElo "2401"]
[PlyCount "112"]
[EventDate "2013.10.05"]

1. c4 Nf6 2. Nc3 d5 3. cxd5 Nxd5 4. g3 g6 5. Bg2 Nb6 6. d3 Bg7 7. Be3 O-O 8.
Qd2 c6 9. Bh6 e5 10. Nf3 Bxh6 11. Qxh6 f6 12. O-O Na6 13. Rfd1 Qe7 14. Rac1 Bd7
15. Qe3 Rae8 16. Nd2 f5 17. Nc4 Nxc4 18. dxc4 b6 19. a3 e4 20. f3 exf3 21. Qxe7
Rxe7 22. Bxf3 Be6 23. Bxc6 Bxc4 24. e4 fxe4 25. Nxe4 Ba2 26. Re1 Kg7 27. Nc3
Rxe1+ 28. Rxe1 Nb8 29. Ba4 Bc4 30. Re4 Bd3 31. Re3 Bf5 32. Kg2 Nd7 33. Bc6 Nc5
34. Bf3 h5 35. Nb5 a6 36. Nd4 Bd7 37. b4 Na4 38. Bb7 a5 39. bxa5 bxa5 40. Re7+
Rf7 41. Rxf7+ Kxf7 42. Nb3 Nc3 43. Nxa5 Nb5 44. Bd5+ Kf6 45. Nc4 Nc3 46. Nb6
Be8 47. Bb3 Ke5 48. Nc4+ Kd4 49. Nd6 Bc6+ 50. Kf2 g5 51. Bc2 h4 52. Nf7 Be4 53.
Bb3 hxg3+ 54. hxg3 Nb1 55. a4 Nd2 56. Be6 Bc6 {
illegible weiting...draw in64 moves} 1/2-1/2

[Event "First Saturday GM Oct 2013"]
[Site "Budapest"]
[Date "2013.10.06"]
[Round "2.1"]
[White "Seres, Lajos"]
[Black "Fogarasi, Tibor"]
[Result "1/2-1/2"]
[WhiteElo "2449"]
[BlackElo "2401"]
[PlyCount "35"]
[EventDate "2013.10.05"]

1. b3 d5 2. Bb2 Bf5 3. e3 e6 4. Nf3 Nf6 5. Be2 h6 6. O-O Be7 7. d3 O-O 8. Nbd2
Nbd7 9. Ne5 Nxe5 10. Bxe5 Nd7 11. Bb2 Bf6 12. Bxf6 Nxf6 13. Nf3 c6 14. c3 Bg4
15. Ne5 Bxe2 16. Qxe2 Nd7 17. Nxd7 Qxd7 18. Rac1 1/2-1/2

[Event "First Saturday GM Oct 2013"]
[Site "Budapest"]
[Date "2013.10.06"]
[Round "2.2"]
[White "Westerberg, Jonathan"]
[Black "Gordon, Stephen J"]
[Result "1/2-1/2"]
[WhiteElo "2404"]
[BlackElo "2526"]
[PlyCount "58"]
[EventDate "2013.10.05"]

1. d4 Nf6 2. c4 e6 3. Nc3 Bb4 4. e3 O-O 5. Bd3 d5 6. Nf3 b6 7. O-O Ba6 8. cxd5
exd5 9. Bxa6 Nxa6 10. Qa4 Qc8 11. Bd2 Qb7 12. a3 Be7 13. b4 Nb8 14. Qb3 c6 15.
Ne5 Nbd7 16. b5 cxb5 17. Qxb5 a6 18. Qb3 Rab8 19. Rfc1 b5 20. Nxd7 Qxd7 21. Nd1
Rfc8 22. Bb4 Bd8 23. Nb2 Rxc1+ 24. Rxc1 Rc8 25. Rxc8 Qxc8 26. Bc5 h5 27. a4 Qf5
28. Qd3 Qxd3 29. Nxd3 bxa4 1/2-1/2

[Event "First Saturday GM Oct 2013"]
[Site "Budapest"]
[Date "2013.10.06"]
[Round "2.3"]
[White "Kojima, Shinya"]
[Black "Sean, Winshand Cuhendi"]
[Result "1-0"]
[WhiteElo "2344"]
[BlackElo "2360"]
[PlyCount "35"]
[EventDate "2013.10.05"]

1. Nf3 c5 2. c4 b6 3. g3 Bb7 4. Bg2 Nf6 5. Nc3 e6 6. O-O Be7 7. d4 cxd4 8. Qxd4
d6 9. Bg5 h6 10. Bxf6 Bxf6 11. Qf4 Bxc3 12. bxc3 Qc7 13. Rfd1 Ke7 14. Qh4+ f6
15. Nd4 g5 16. Qg4 f5 17. Qh5 Kf6 18. Nxe6 1-0

[Event "First Saturday GM Oct 2013"]
[Site "Budapest"]
[Date "2013.10.07"]
[Round "3.1"]
[White "Sean, Winshand Cuhendi"]
[Black "Seres, Lajos"]
[Result "1/2-1/2"]
[WhiteElo "2360"]
[BlackElo "2449"]
[PlyCount "63"]
[EventDate "2013.10.05"]

1. d4 d5 2. Nf3 Nf6 3. c4 c6 4. Nc3 dxc4 5. a4 Bf5 6. e3 e6 7. Bxc4 Nbd7 8. O-O
Bb4 9. Qe2 Bg6 10. e4 O-O 11. Bd3 Bh5 12. Bf4 Re8 13. e5 Nd5 14. Nxd5 cxd5 15.
Qe3 Nb8 16. Ng5 h6 17. Nh3 Bf8 18. Qg3 Kh8 19. Be3 f5 20. exf6 Qxf6 21. Nf4 Bf7
22. h4 Nc6 23. Rad1 Bd6 24. Ng6+ Bxg6 25. Qxg6 Qxg6 26. Bxg6 Rf8 27. g4 Bf4 28.
Kg2 e5 29. Bh5 Bxe3 30. fxe3 exd4 31. Rxf8+ Rxf8 32. exd4 1/2-1/2

[Event "First Saturday GM Oct 2013"]
[Site "Budapest"]
[Date "2013.10.07"]
[Round "3.3"]
[White "Fogarasi, Tibor"]
[Black "Westerberg, Jonathan"]
[Result "1/2-1/2"]
[WhiteElo "2401"]
[BlackElo "2404"]
[PlyCount "31"]
[EventDate "2013.10.05"]

1. e4 c5 2. Nf3 Nc6 3. Nc3 e6 4. Be2 a6 5. d4 cxd4 6. Nxd4 Qc7 7. O-O Nf6 8. a4
Bb4 9. Qd3 O-O 10. Bg5 Be7 11. Nxc6 dxc6 12. f4 h6 13. Bh4 e5 14. f5 Rd8 15.
Qg3 Bd7 16. a5 1/2-1/2

[Event "First Saturday GM Oct 2013"]
[Site "Budapest"]
[Date "2013.10.08"]
[Round "4.1"]
[White "Seres, Lajos"]
[Black "Westerberg, Jonathan"]
[Result "1/2-1/2"]
[WhiteElo "2449"]
[BlackElo "2404"]
[PlyCount "47"]
[EventDate "2013.10.05"]

1. d4 d5 2. Nf3 a6 3. Bg5 Bf5 4. e3 c6 5. c4 Bxb1 6. Rxb1 Nd7 7. b4 Ngf6 8. Bd3
e6 9. c5 Be7 10. O-O O-O 11. a4 Re8 12. h3 Nh5 13. Ne5 Bxg5 14. Qxh5 g6 15. Qg4
f5 16. Qg3 Nxe5 17. Qxe5 Bf6 18. Qg3 e5 19. dxe5 Bxe5 20. Qf3 Qe7 21. Rfc1 Bc7
22. g3 Qe5 23. Rb3 Re7 24. h4 1/2-1/2

[Event "First Saturday GM Oct 2013"]
[Site "Budapest"]
[Date "2013.10.08"]
[Round "4.2"]
[White "Kojima, Shinya"]
[Black "Fogarasi, Tibor"]
[Result "1/2-1/2"]
[WhiteElo "2344"]
[BlackElo "2401"]
[PlyCount "71"]
[EventDate "2013.10.05"]

1. Nf3 Nf6 2. c4 g6 3. g3 Bg7 4. Bg2 d5 5. d4 dxc4 6. Na3 Nc6 7. Nxc4 Be6 8. b3
Bd5 9. Bb2 O-O 10. O-O a5 11. Ne3 Be4 12. a3 Re8 13. Nc4 Bd5 14. Rc1 e6 15. e3
Qe7 16. Qc2 Be4 17. Qe2 Bd5 18. Qc2 Be4 19. Qe2 Bd5 20. Rfd1 Red8 21. Qc2 Be4
22. Qe2 Bd5 23. Ne1 Bxg2 24. Kxg2 Ne4 25. Nd3 Nd6 26. Rc2 h5 27. Rdc1 Nf5 28.
Nd2 Rdc8 29. Nf3 a4 30. b4 Nd6 31. h4 Na7 32. Nc5 Qe8 33. Ng5 Nab5 34. Qf3 c6
35. Rd2 Ra7 36. Qd1 1/2-1/2

[Event "First Saturday GM Oct 2013"]
[Site "Budapest"]
[Date "2013.10.09"]
[Round "5.1"]
[White "Gordon, Stephen J"]
[Black "Seres, Lajos"]
[Result "1/2-1/2"]
[WhiteElo "2526"]
[BlackElo "2449"]
[PlyCount "39"]
[EventDate "2013.10.05"]

1. d4 d5 2. c4 c6 3. Nf3 Nf6 4. Nc3 a6 5. e3 b5 6. b3 Bg4 7. Bd2 Nbd7 8. h3
Bxf3 9. Qxf3 b4 10. Na4 e5 11. Qd1 Ne4 12. Bd3 Nxd2 13. Qxd2 Qg5 14. O-O Be7
15. cxd5 cxd5 16. Qc2 Qf6 17. dxe5 Nxe5 18. Rad1 Rd8 19. Rd2 d4 20. exd4
1/2-1/2

[Event "First Saturday GM Oct 2013"]
[Site "Budapest"]
[Date "2013.10.09"]
[Round "5.2"]
[White "Fogarasi, Tibor"]
[Black "Sean, Winshand Cuhendi"]
[Result "1/2-1/2"]
[WhiteElo "2401"]
[BlackElo "2360"]
[PlyCount "48"]
[EventDate "2013.10.05"]

1. e4 c5 2. Nf3 e6 3. d4 cxd4 4. Nxd4 a6 5. Nc3 Qc7 6. Bd3 Nf6 7. O-O Nc6 8.
Be3 Ne5 9. h3 Bc5 10. Na4 Ba7 11. c4 d6 12. Rc1 Bd7 13. Nc3 O-O 14. Be2 Rac8
15. b3 Bc5 16. Nc2 Bc6 17. Bd3 Qb6 18. Qe2 Rfd8 19. Rfd1 Kh8 20. Bg5 Qa5 21.
Bd2 Qb6 22. Bg5 Qa5 23. Bd2 Qb6 24. Bg5 Qa5 1/2-1/2

[Event "First Saturday GM Oct 2013"]
[Site "Budapest"]
[Date "2013.10.09"]
[Round "5.3"]
[White "Westerberg, Jonathan"]
[Black "Kojima, Shinya"]
[Result "1/2-1/2"]
[WhiteElo "2404"]
[BlackElo "2344"]
[PlyCount "79"]
[EventDate "2013.10.05"]

1. e4 c6 2. d4 d5 3. e5 Bf5 4. h4 h6 5. g4 Bd7 6. Nc3 c5 7. dxc5 e6 8. Be3 Qc7
9. Nf3 Bxc5 10. Bxc5 Qxc5 11. Qd4 Qxd4 12. Nxd4 a6 13. f4 Nc6 14. O-O-O h5 15.
gxh5 Nxd4 16. Rxd4 Ne7 17. Be2 Nf5 18. Rd2 Kf8 19. Rh3 f6 20. Bg4 Nh6 21. Nxd5
Nxg4 22. Nb6 Rd8 23. Rg3 f5 24. Rgd3 Rxh5 25. Nxd7+ Ke7 26. Nc5 Rxd3 27. Rxd3
b6 28. Nxa6 Rxh4 29. Nb8 Nf2 30. Nc6+ Ke8 31. Rd4 Ne4 32. b4 Rxf4 33. a4 Nc3
34. Rd8+ Kf7 35. a5 Na2+ 36. Kd2 Nxb4 37. Rd7+ Ke8 38. Rd8+ Kf7 39. Rd7+ Ke8
40. Rd8+ 1/2-1/2

[Event "First Saturday GM Oct 2013"]
[Site "Budapest"]
[Date "2013.10.11"]
[Round "6.1"]
[White "Seres, Lajos"]
[Black "Kojima, Shinya"]
[Result "1/2-1/2"]
[WhiteElo "2449"]
[BlackElo "2344"]
[PlyCount "34"]
[EventDate "2013.10.05"]

1. d4 d5 2. c4 c6 3. Nf3 Nf6 4. e3 g6 5. Nc3 Bg7 6. Be2 O-O 7. O-O a6 8. a4 a5
9. Qb3 e6 10. Bd2 Ne4 11. Rfd1 Nxd2 12. Rxd2 Na6 13. e4 Nb4 14. Re1 b6 15. h4
Re8 16. Rdd1 Bb7 17. Bf1 Rc8 1/2-1/2

[Event "First Saturday GM Oct 2013"]
[Site "Budapest"]
[Date "2013.10.11"]
[Round "6.2"]
[White "Westerberg, Jonathan"]
[Black "Sean, Winshand Cuhendi"]
[Result "0-1"]
[WhiteElo "2404"]
[BlackElo "2360"]
[PlyCount "160"]
[EventDate "2013.10.05"]

1. e4 c5 2. Nf3 e6 3. c3 Nf6 4. e5 Nd5 5. d4 cxd4 6. cxd4 b6 7. Nc3 Nxc3 8.
bxc3 Bb7 9. Bd3 Be7 10. O-O O-O 11. Re1 Nc6 12. Qe2 f5 13. exf6 Bxf6 14. Qc2 g6
15. Bxg6 hxg6 16. Qxg6+ Bg7 17. Ng5 Rf6 18. Qh7+ Kf8 19. Ne4 Qe7 20. Bg5 Qf7
21. Bxf6 Bxf6 22. Nxf6 Qxf6 23. Qxd7 Nd8 24. Re3 Qe7 25. Qa4 a6 26. Rae1 Rc8
27. Qd1 Bd5 28. Qh5 Qf6 29. Rg3 Nf7 30. Qh7 Ke7 31. Qb1 b5 32. a4 bxa4 33. Qb6
Qf4 34. Qb4+ Nd6 35. h3 Kf6 36. Qxa4 Ne4 37. Rf3 Qxf3 38. gxf3 Rg8+ 39. Kh2 Nd2
40. Rxe6+ Kxe6 41. Qxa6+ Kf7 42. Qa7+ Kf6 43. Qa6+ Kg5 44. Qd3 Nxf3+ 45. Kg3
Ne1 46. Qh7 Kf6+ 47. Qxg8 Bxg8 48. Kf4 Bd5 49. h4 Nd3+ 50. Ke3 Nb2 51. Kd2 Be4
52. Ke3 Kf5 53. f3 Nc4+ 54. Kf2 Bd5 55. Kg3 Bf7 56. Kf2 Kf4 57. Ke2 Bg6 58. Kf2
Bh5 59. Ke2 Bxf3+ 60. Kd3 Bd5 61. Kc2 Na3+ 62. Kd2 Be4 63. Ke2 Nc4 64. h5 Kg5
65. d5 Bxd5 66. Kd3 Kxh5 67. Kd4 Bg8 68. Ke4 Kg5 69. Kd4 Kf5 70. Kd3 Ke5 71.
Ke2 Ke4 72. Kf2 Kf4 73. Ke2 Bh7 74. Kf2 Bc2 75. Kg2 Bd1 76. Kf2 Bf3 77. Ke1 Ke3
78. Kf1 Nd2+ 79. Kg1 Bg4 80. Kh2 Kf2 0-1

[Event "First Saturday GM Oct 2013"]
[Site "Budapest"]
[Date "2013.10.11"]
[Round "6.3"]
[White "Fogarasi, Tibor"]
[Black "Gordon, Stephen J"]
[Result "1/2-1/2"]
[WhiteElo "2401"]
[BlackElo "2526"]
[PlyCount "37"]
[EventDate "2013.10.05"]

1. e4 c5 2. Nf3 d6 3. d4 cxd4 4. Nxd4 Nf6 5. Nc3 a6 6. f4 e5 7. Nf3 Qc7 8. a4
Be7 9. Bd3 O-O 10. O-O Nbd7 11. Nh4 exf4 12. Nf5 Ne5 13. Nxe7+ Qxe7 14. Bxf4 h6
15. Bg3 Bg4 16. Qd2 Nfd7 17. Nd5 Qd8 18. Bf4 Be6 19. a5 1/2-1/2

[Event "First Saturday GM Oct 2013"]
[Site "Budapest"]
[Date "2013.10.12"]
[Round "7.1"]
[White "Fogarasi, Tibor"]
[Black "Seres, Lajos"]
[Result "1/2-1/2"]
[WhiteElo "2401"]
[BlackElo "2449"]
[PlyCount "34"]
[EventDate "2013.10.05"]

1. e4 e5 2. Nf3 Nf6 3. Nxe5 d6 4. Nf3 Nxe4 5. Nc3 Nxc3 6. dxc3 Be7 7. Be3 Nc6
8. Qd2 Be6 9. O-O-O Qd7 10. Kb1 Bf6 11. Bg5 Bxg5 12. Nxg5 O-O-O 13. Bb5 a6 14.
Bxc6 Qxc6 15. Nxe6 fxe6 16. f3 e5 17. Rhe1 Kb8 1/2-1/2

[Event "First Saturday GM Oct 2013"]
[Site "Budapest"]
[Date "2013.10.12"]
[Round "7.2"]
[White "Gordon, Stephen J"]
[Black "Westerberg, Jonathan"]
[Result "1/2-1/2"]
[WhiteElo "2526"]
[BlackElo "2404"]
[PlyCount "55"]
[EventDate "2013.10.05"]

1. d4 Nf6 2. Nf3 e6 3. c4 Bb4+ 4. Nbd2 b6 5. a3 Bxd2+ 6. Qxd2 Bb7 7. e3 O-O 8.
Be2 d6 9. O-O Nbd7 10. b4 Ne4 11. Qc2 f5 12. d5 e5 13. Ne1 a5 14. Bb2 axb4 15.
axb4 Rxa1 16. Bxa1 b5 17. cxb5 Bxd5 18. f3 Ng5 19. f4 exf4 20. exf4 Ne6 21. Bd3
Qa8 22. Bb2 Qa2 23. Kh1 Qb3 24. Bxf5 Qxb4 25. Bxh7+ Kh8 26. Bd3 Rxf4 27. Qe2
Kg8 28. Qh5 {illegible writing...draw in 32 moves} 1/2-1/2

[Event "First Saturday GM Oct 2013"]
[Site "Budapest"]
[Date "2013.10.12"]
[Round "7.3"]
[White "Sean, Winshand Cuhendi"]
[Black "Kojima, Shinya"]
[Result "0-1"]
[WhiteElo "2360"]
[BlackElo "2344"]
[PlyCount "86"]
[EventDate "2013.10.05"]

1. e4 c6 2. d4 d5 3. Nc3 dxe4 4. Nxe4 Bf5 5. Ng3 Bg6 6. h4 h6 7. Nf3 Nd7 8. h5
Bh7 9. Bd3 Bxd3 10. Qxd3 e6 11. Bd2 Ngf6 12. O-O-O Be7 13. Kb1 Qb6 14. Rhe1 O-O
15. Nf5 Bb4 16. Nxh6+ gxh6 17. c3 Ba3 18. Bc1 Kh8 19. Ka1 Be7 20. Bxh6 Nd5 21.
g4 Rg8 22. g5 Bf8 23. Bxf8 Raxf8 24. Qd2 Qc7 25. c4 Qf4 26. cxd5 Qxf3 27. g6
Rg7 28. dxe6 fxe6 29. Rg1 Rf6 30. Qa5 a6 31. Rdf1 Kg8 32. Qd8+ Nf8 33. Rh1 Rf5
34. Qh4 Rf4 35. Qd8 Rd7 36. Qe8 Rfxd4 37. a3 Rd8 38. Qe7 R8d7 39. Qe8 Rd8 40.
Qe7 R4d7 41. Qh4 Rd3 42. Qe7 R8d7 43. Qe8 Qf6 0-1

[Event "First Saturday GM Oct 2013"]
[Site "Budapest"]
[Date "2013.10.13"]
[Round "8.1"]
[White "Seres, Lajos"]
[Black "Sean, Winshand Cuhendi"]
[Result "1-0"]
[WhiteElo "2449"]
[BlackElo "2360"]
[PlyCount "77"]
[EventDate "2013.10.05"]

1. e4 c5 2. Nf3 e6 3. c4 b6 4. d4 cxd4 5. Nxd4 Bb7 6. Nc3 d6 7. Be2 Nf6 8. f3
Be7 9. O-O O-O 10. Be3 a6 11. Qd2 Nbd7 12. Rfd1 Qc7 13. Rac1 Rac8 14. Kh1 Qb8
15. Bf1 Kh8 16. Rc2 Rg8 17. a3 Ne5 18. Na4 g5 19. Nxb6 Rce8 20. Ne2 g4 21. f4
Nxe4 22. Qd4 Bf6 23. fxe5 dxe5 24. Qd3 Rd8 25. Nd7 Rxd7 26. Qxd7 Rd8 27. Qxf7
Rxd1 28. Rc1 Rd3 29. Ba7 Qc8 30. Nc3 Rd7 31. Qxe6 Bg7 32. Nxe4 Bxe4 33. Qxg4
Qc6 34. Be3 Bf6 35. b4 Rg7 36. Qe2 Rd7 37. b5 Qe6 38. Rd1 axb5 39. Rxd7 1-0

[Event "First Saturday GM Oct 2013"]
[Site "Budapest"]
[Date "2013.10.13"]
[Round "8.2"]
[White "Kojima, Shinya"]
[Black "Gordon, Stephen J"]
[Result "1/2-1/2"]
[WhiteElo "2344"]
[BlackElo "2526"]
[PlyCount "44"]
[EventDate "2013.10.05"]

1. Nf3 Nf6 2. c4 b6 3. g3 c5 4. Bg2 Bb7 5. Nc3 g6 6. O-O Bg7 7. d4 cxd4 8. Qxd4
d6 9. Rd1 Nbd7 10. Be3 Rc8 11. Rac1 O-O 12. Qh4 a6 13. b3 Rc7 14. Bh3 Qb8 15.
Bh6 b5 16. Bxg7 Kxg7 17. Bxd7 Rxd7 18. cxb5 axb5 19. Qb4 Bxf3 20. exf3 Rb7 21.
Nd5 Nxd5 22. Rxd5 Rb6 1/2-1/2

[Event "First Saturday GM Oct 2013"]
[Site "Budapest"]
[Date "2013.10.13"]
[Round "8.3"]
[White "Westerberg, Jonathan"]
[Black "Fogarasi, Tibor"]
[Result "1-0"]
[WhiteElo "2404"]
[BlackElo "2401"]
[PlyCount "83"]
[EventDate "2013.10.05"]

1. d4 Nf6 2. c4 g6 3. Nc3 d5 4. Nf3 Bg7 5. Bg5 dxc4 6. e4 Nfd7 7. Bxc4 Nb6 8.
Bb3 Nc6 9. O-O Bg4 10. h3 Bxf3 11. Qxf3 O-O 12. Ne2 h6 13. Be3 Na5 14. Bc2 Nac4
15. e5 c5 16. dxc5 Nxe3 17. fxe3 Nc4 18. e6 f5 19. Rf2 Qc7 20. Nf4 g5 21. Ng6
Qxc5 22. Nxf8 Rxf8 23. Re1 Qb4 24. Rd1 Nxb2 25. Rd5 f4 26. Qe4 Qxe4 27. Bxe4
Nc4 28. exf4 gxf4 29. Bg6 Ne5 30. Be4 Nc4 31. Bd3 Nd6 32. Bg6 Rf6 33. Rxd6 Rxg6
34. Rd8+ Kh7 35. Rxf4 Rxe6 36. Rd7 Re2 37. Rxb7 Rxa2 38. Rxe7 Ra6 39. Rff7 Rg6
40. Rxa7 h5 41. Kf2 Kh6 42. Rxg7 1-0

[Event "First Saturday GM Oct 2013"]
[Site "Budapest"]
[Date "2013.10.14"]
[Round "9.1"]
[White "Westerberg, Jonathan"]
[Black "Seres, Lajos"]
[Result "1/2-1/2"]
[WhiteElo "2404"]
[BlackElo "2449"]
[PlyCount "23"]
[EventDate "2013.10.05"]

1. e4 c5 2. Nc3 Nc6 3. Bb5 Nd4 4. Bc4 e6 5. Nge2 Nxe2 6. Qxe2 Ne7 7. O-O Nc6 8.
d3 Be7 9. f4 O-O 10. Be3 b6 11. Bb3 Bb7 12. Qg4 1/2-1/2

[Event "First Saturday GM Oct 2013"]
[Site "Budapest"]
[Date "2013.10.14"]
[Round "9.2"]
[White "Fogarasi, Tibor"]
[Black "Kojima, Shinya"]
[Result "1/2-1/2"]
[WhiteElo "2401"]
[BlackElo "2344"]
[PlyCount "27"]
[EventDate "2013.10.05"]

1. e4 c6 2. d4 d5 3. e5 Bf5 4. c4 e6 5. Nc3 Ne7 6. a3 dxc4 7. Bxc4 Nd7 8. Nge2
Nb6 9. Bb3 Qd7 10. Nf4 Ned5 11. Nfxd5 Nxd5 12. Nxd5 cxd5 13. O-O Be7 14. Be3
1/2-1/2

[Event "First Saturday GM Oct 2013"]
[Site "Budapest"]
[Date "2013.10.14"]
[Round "9.3"]
[White "Gordon, Stephen J"]
[Black "Sean, Winshand Cuhendi"]
[Result "1/2-1/2"]
[WhiteElo "2526"]
[BlackElo "2360"]
[PlyCount "97"]
[EventDate "2013.10.05"]

1. d4 Nf6 2. c4 g6 3. Nc3 Bg7 4. e4 d6 5. Nf3 O-O 6. Be2 e5 7. Be3 exd4 8. Nxd4
Re8 9. f3 Nc6 10. Qd2 Nh5 11. O-O Nf4 12. Rfd1 Nxd4 13. Bxd4 Qg5 14. Bf1 Bxd4+
15. Qxd4 Qc5 16. Nd5 Qxd4+ 17. Rxd4 Nxd5 18. cxd5 Bd7 19. Rc1 Rec8 20. b4 Kf8
21. b5 Ke7 22. Rdc4 Kd8 23. R4c2 a6 24. bxa6 bxa6 25. h4 Bb5 26. g4 Bxf1 27.
Kxf1 Rab8 28. Kf2 Kd7 29. Ke3 Rb4 30. Kf4 h6 31. h5 Ra4 32. g5 hxg5+ 33. Kxg5
Ra3 34. Rf2 gxh5 35. Kf6 c6 36. dxc6+ Rxc6 37. Rxc6 Kxc6 38. Kxf7 Kd7 39. Kf6
Re3 40. Kg5 d5 41. Kf4 Rd3 42. Rh2 dxe4 43. fxe4 Ra3 44. Rxh5 Rxa2 45. Kf5 Rf2+
46. Ke5 a5 47. Rh7+ Kc6 48. Ra7 Kb5 49. Kd4 1/2-1/2

[Event "First Saturday GM Oct 2013"]
[Site "Budapest"]
[Date "2013.10.15"]
[Round "10.1"]
[White "Seres, Lajos"]
[Black "Gordon, Stephen J"]
[Result "1/2-1/2"]
[WhiteElo "2449"]
[BlackElo "2526"]
[PlyCount "17"]
[EventDate "2013.10.05"]

1. d4 Nf6 2. c4 e6 3. g3 Bb4+ 4. Bd2 Bxd2+ 5. Qxd2 d5 6. Bg2 O-O 7. Nf3 Nbd7 8.
O-O c6 9. Rc1 1/2-1/2

b6 11. Bb3 Bb7 12. Qg4 1/2-1/2

[Event "First Saturday GM Oct 2013"]
[Site "Budapest"]
[Date "2013.10.15"]
[Round "10.2"]
[White "Sean, Winshand Cuhendi"]
[Black "Fogarasi, Tibor"]
[Result "1/2-1/2"]
[WhiteElo "2360"]
[BlackElo "2401"]
[PlyCount "36"]
[EventDate "2013.10.05"]

1. d4 Nf6 2. Nf3 g6 3. Bg5 Bg7 4. Nbd2 O-O 5. e4 d6 6. c3 Qe8 7. Bc4 e5 8. dxe5
dxe5 9. O-O Nbd7 10. Qe2 h6 11. Be3 Qe7 12. h3 Nb6 13. Bb3 Be6 14. Qb5 Nfd7 15.
a4 c6 16. Qe2 a5 17. Bxe6 Qxe6 18. Rfe1 Rfd8 1/2-1/2

[Event "First Saturday GM Oct 2013"]
[Site "Budapest"]
[Date "2013.10.15"]
[Round "10.3"]
[White "Kojima, Shinya"]
[Black "Westerberg, Jonathan"]
[Result "0-1"]
[WhiteElo "2344"]
[BlackElo "2404"]
[PlyCount "70"]
[EventDate "2013.10.05"]

1. Nf3 Nf6 2. c4 e6 3. Nc3 Bb4 4. Qc2 c5 5. g3 O-O 6. Bg2 Nc6 7. O-O d6 8. d3
h6 9. a3 Bxc3 10. Qxc3 e5 11. e3 a5 12. b3 Be6 13. Bb2 Re8 14. Rfe1 Qd7 15. d4
Bh3 16. d5 Bxg2 17. Kxg2 e4 18. dxc6 exf3+ 19. Kxf3 Qxc6+ 20. Ke2 d5 21. cxd5
Qxd5 22. Kf1 Qh1+ 23. Ke2 Qxh2 24. Rh1 Qg2 25. Rag1 Qc6 26. g4 Re6 27. g5 hxg5
28. Rh3 Rd8 29. Rxg5 Red6 30. e4 Rd2+ 31. Kf1 Rxf2+ 32. Kxf2 Nxe4+ 33. Kg1 Rd1+
34. Kh2 Nxc3 35. Bxc3 Qh1+ 0-1